书目信息 |
| 题名: |
采煤概论
|
|
| 作者: | ;阜新矿业学院 , 焦作矿业学院 编 | |
| 分册: | ||
| 出版信息: | 北京 煤炭工业出版社 1980 |
|
| 页数: | 257页 | |
| 开本: | 25cm | |
| 丛书名: | ||
| 单 册: | ||
| 中图分类: | TD82 | |
| 科图分类: | ||
| 主题词: | 煤矿开采--概论 | |
| 电子资源: | ||
| ISBN: | ||
| 000 | 00651nam0 2200229 45 | |
| 001 | 0180009650 | |
| 005 | 20070724083200.79 | |
| 010 | @dCNY2.26 | |
| 091 | @aCN@b15035.2266 | |
| 100 | @a19950408d1980 emky0chiy0121 ea | |
| 101 | 0 | @achi |
| 105 | @ay z 000yy | |
| 200 | 10 | @a采煤概论@Acai mei gai lun@f焦作矿业学院,阜新矿业学院编 |
| 210 | @a北京@c煤炭工业出版社@d1980@h1982 | |
| 215 | @a257页@d25cm | |
| 606 | @a煤矿开采@x概论 | |
| 690 | @aTD82@v3 | |
| 711 | 02 | @a阜新矿业学院@Afu xin kuang ye xue yuan@4编 |
| 711 | 02 | @a焦作矿业学院@Ajiao zuo kuang ye xue yuan@4编 |
| 801 | 2 | @aCN@bNLC@c20070724 |
| 801 | 0 | @aCN@bTSSF |
| 905 | @a10447@dTD82@e20 | |
| 采煤概论/焦作矿业学院,阜新矿业学院编.-北京:煤炭工业出版社,1980(1982) |
| 257页;25cm |
| ISBN :CNY2.26 |
| ● |
| 相关链接 |
|
|
|
|
正题名:采煤概论
索取号:TD82/20
 
预约/预借
| 序号 | 登录号 | 条形码 | 馆藏地/架位号 | 状态 | 备注 |
| 1 | 0768466 | 207684665 | 第二样本阅览室/ [索取号:TD82/20] | 在馆 |